000 01273nam a22003497a 4500
003 CHAP
005 20220329140731.0
008 971013s1988 r 00010 d
010 _a56723
011 _a57695
035 _a61850
040 _cCHAP
090 _aTesis
100 0 0 _aZúñiga Núñez, Edwin A.
_9124235
245 _aSelección de tecnologías y optimización de recursos agrícolas en las zonas climáticas A y B del altiplano peruano
260 _aMontecillo, Méx. :
_bEl autor,
_c1988
300 _a108 h.
502 _aTesis (M.C. Esp. en Economía Agrícola) -- Colegio de Postgraduados. Centro de Economía Agrícola
590 _aALEPH
_b10
_c20130110
_lUCH01
_h1335
590 _aBATCH-UPD
_b10
_c20130110
_lUCH01
_h0501
590 _aBATCH-UPD
_b10
_c20130410
_lUCH01
_h0139
590 _aBATCH-UPD
_b10
_c20130410
_lUCH01
_h1611
590 _aBATCH-UPD
_b10
_c20130914
_lUCH01
_h1928
590 _aCONVERSION
_b10
_c20130109
_lUCH01
_h1330
650 1 4 _aAgricultura
_xInnovaciones tecnológicas.
_91565
650 1 4 _aAgricultura
_xPeru.
_91762
650 1 4 _aPolítica agrícola
_xPerú.
_990349
901 _aBK
942 _cFOLL
949 _bBC
_cTES
_d-132750
_eTS1
_h21074
_i61850
_si
949 _bBC
_cTES
_d33724000597258
_eTS2
_fc.2
_h21075
_i61850
_si
999 _c56723
_d56723